Auditoría Ciudadana sobre la calidad de la democracia: propuesta para su ejecución en Costa Rica /

Guardado en:
Bibliografiske detaljer
Hovedforfatter: Gutiérrez Saxe, Miguel
Andre forfattere: Vargas Cullell, Jorge Luis
Format: Ukendt
Udgivet: San José: Proyecto Estado de la Nación
Fag:
Tags: Tilføj Tag
Ingen Tags, Vær først til at tagge denne postø!

MARC

LEADER 00000 a2200000 04500
001 11584
003
008 991231s d
040
090 |a 140104  
100 1 |a Gutiérrez Saxe, Miguel 
245 |a Auditoría Ciudadana sobre la calidad de la democracia: propuesta para su ejecución en Costa Rica /  |c Miguel Gutiérrez Saxe 
260 |a San José:   |b Proyecto Estado de la Nación  
650 |a DEMOCRACIA  
650 |a INDICADORES  
650 |a METODOLOGIA  
650 |a INVESTIGACION  
650 |a CIENCIAS POLITICAS  
650 |a ENCUESTAS  
650 |a SOCIEDAD CIVIL  
700 |a Vargas Cullell, Jorge Luis  
999 |c 11671  |d 11671